000 00666nam a2200241Ia 4500
003 OSt
005 20220923224337.0
006 a|||||r|||| 00| 0
007 ta
008 Pun
024 _a231,489
037 _cTextual
040 _aARTS
_cARTS
_bPun
041 _2Pun
_aPun
082 _aO153:g, J1
100 _a਼ਤੇਜਾ ਸਿੰਘ
245 0 _aਸਾਹਿੱਤ ਦਰFਨ
260 _aਪਟਿਆਲਾ
_b ਪ੍ਰਕਾF ਪੁਸਤਕਾਲਾ
_c1959
300 _a319ਪੰ
_ccm.
650 _aਪੰਜਾਬੀ ਸਾਹਿਤ
942 _hO153:g, J1
_cTEXL
_2CC
999 _c370837
_d370837